Introduction to Plant Quarantine / (Record no. 207651)
[ view plain ]
| 000 -LEADER | |
|---|---|
| fixed length control field | 00615nam a22002057a 4500 |
| 005 - DATE AND TIME OF LATEST TRANSACTION | |
| control field | 20241212152003.0 |
| 010 ## - LCCN (DPL NO) | |
| LC control number | ENG-143032 |
| 020 ## - INTERNATIONAL STANDARD BOOK NUMBER | |
| Terms of availability | 245.00 |
| International Standard Book Number | 8179700739 |
| 035 ## - SYSTEM CONTROL NUMBER | |
| System control number | EN-126564 |
| 037 ## - SOURCE OF ACQUISITION | |
| Source of stock number/acquisition | DBAD |
| 082 ## - DEWEY DECIMAL CLASSIFICATION NUMBER | |
| Classification number | 580.3 |
| 100 ## - MAIN ENTRY--PERSONAL NAME | |
| Personal name | Shukla abhishek |
| 245 ## - TITLE STATEMENT | |
| Title | Introduction to Plant Quarantine / |
| Statement of responsibility, etc | Abhishek Shukla |
| 250 ## - EDITION STATEMENT | |
| Edition statement | First |
| 260 ## - PUBLICATION, DISTRIBUTION, ETC. (IMPRINT) | |
| Place of publication, distribution, etc | New Delhi |
| Name of publisher, distributor, etc | Samay Prakashan |
| Date of publication, distribution, etc | 2007 |
| 270 ## - ADDRESS | |
| City | New Delhi |
| Address | I-1/16, Shanti Mohan House, Ansari Road, Daryaganj |
| Postal code | 110002 |
| 300 ## - PHYSICAL DESCRIPTION | |
| Extent | 97p. |
| Dimensions | 23cm(hb) |
| 700 ## - ADDED ENTRY--PERSONAL NAME | |
| Personal name | O.P. Veda |
| Relator term | co- author |
| 9 (RLIN) | 75094 |
| 942 ## - ADDED ENTRY ELEMENTS (KOHA) | |
| Source of classification or shelving scheme | Dewey Decimal Classification |
| Item type | English Books |
| Classification part | 580.3 |
| Call number suffix | SHU |
| Withdrawn status | Lost status | Not for loan | Collection code | Home library | Current library | Date acquired | Source of acquisition | Cost, normal purchase price | Full call number | Barcode | Copy number | Cost, replacement price | Koha item type |
|---|---|---|---|---|---|---|---|---|---|---|---|---|---|
| Non-fiction | Central Jail Tihar | Central Jail Tihar | 12/12/2024 | DBAD | 245.00 | 580.3 SHU | EN-126564 | 1 | 245.00 | English Books |
